Statistiche per Capitali e Iniziali degli Stati - Quiz n°3

Clicka qui per fare il quiz!

Statistiche generali

  • Questo quiz è stato fatto 2 volte
  • Il punteggio medio è 6 su 10

Statistiche sulle risposte

HintRisposta% Corretto
BogotàC
100%
TeheranI
100%
ReykjavíkI
100%
RigaL
100%
DamascoS
100%
BangkokC
50%
HoniaraI
50%
KingstonG
0%
MajuroI
0%
BanguiR
0%

Distribuzione punteggi

Percentile per numero di risposta

Percentuale di utenti per punteggio

I tuoi punteggi nel tempo

Non hai fatto questo quiz